000 03753nab a2200313 i 4500
003 BR-BrBNA
005 20260304112158.0
008 260304b2017 bl.ar|pooa||| 00| 0 por |
040 _aBR-BrBNA
_bpor
072 _aK10
_b3103
100 _aFigueiredo Filho, Afonso
100 _aRetslaff, Franciéle de Souza
100 _aRetslaff, Fabiane de Souza
100 _aLonghi-Santos, Tomaz
100 _aStepka, Thiago Floriani
245 _aCrescimento e Idade de Espécies Nativas Regenerantes Sob Plantio de Araucaria angustifolia no Paraná
500 _aPublicação on-line; 12 ref.; 4 tables; 3 illus.; Summaries (En, Pt)
520 _a RESUMO Este trabalho teve como objetivo usar técnicas dendrocronológicas para recuperar o crescimento diamétrico e a idade média de espécies arbóreas estabelecidas sob um povoamento de Araucaria angustifolia implantado em 1949 na Floresta Nacional de Irati, Paraná. Foram amostradas 30 árvores da espécie regenerante Araucaria angustifolia, 24 da espécie regenerante Cedrela fissilis, 24 da espécie regenerante Clethra scabra, 22 da espécie regenerante Ilex paraguariensis e 18 da espécie regenerante Ocotea puberula. O modelo de Chapman-Richards foi utilizado para descrever as curvas de crescimento em diâmetro por espécie, construindo-se curvas de incremento médio anual (IMA) e incremento corrente anual (ICA). As espécies estudadas apresentaram grande potencial para estudos dendrocronológicos e o uso dessa técnica permitiu determinar que a regeneração natural iniciou-se em 1958 e que tinha, em média, 34 anos. A técnica possibilitou também recompor o crescimento em diâmetro por espécie, gerando taxas de crescimento anuais, com as quais se identificaram os anos característicos de alto e baixo crescimento. Palavras-chave: dendrocronologia, regeneração natural, floresta com Araucária, crescimento e produção. Growth and Ages of Regenerating Native Species Under Plantation of Araucaria angustifolia in Parana State ABSTRACT This study aimed to use dendrocronology techniques to recover the diameter growth and the average age of tree species established under an Araucaria angustifolia stand, planted in 1949 in the Irati National Forest, Paraná state. We obtained samples of 30 regenerating trees of the species Araucaria angustifolia, 24 regenerating trees of the species Cedrela fissilis, 24 regenerating trees of the species Clethra scabra, 22 regenerating trees of the species Ilex paraguariensis and 18 regenerating trees of the species Ocotea puberula. The Chapman-Richards model was used to describe the growth curves in diameter by species and curves of mean annual increment (MAI) and current annual increment (CAI) were constructed. Species showed a great potential for dendrochronological studies and the use of this technique allowed determining that natural regeneration began in 1958 and it had an average of 34 years old. The technique also allowed restore growth by species, generating annual growth rates, which identified the characteristic years of high and low growth. Keywords: dendrochronology, natural regeneration, Araucaria forest, growth and yield.
650 _aDENDROLOGIA
650 _aREGENERAÇÃO NATURAL
650 _aFLORESTA
650 _aARAUCÁRIA
650 _aCRESCIMENTO
650 _aPRODUÇÃO FLORESTAL
773 0 _02929
_9347945
_dRio de Janeiro-RJ Instituto de Florestas - UFRRJ 1994
_o2025-0444
_tFloresta e Ambiente (Brazil)
_x1415-0980 / ISSN 2179-8087 0nline
_gv. 24 p. 1-9; (2017)
_wBR2026000172
856 _uhttps://www.scielo.br/j/floram/a/Wp7K3qKFtqqthYW4wrWCTMm/?format=pdf&lang=pt
942 _cANA
999 _c340256
_d340256